000 00316nam a2200145Ia 4500
003 OSt
008 191201s2013 xx 000 0 und d
100 _aREDDY,CS
245 0 _aBasic Structural Analysis
250 _a3rd
260 _aN. Delhi
_bTMH
_c2013
300 _a841
650 _aB.Tech(CE)
942 _2ddc
_cBK
999 _c5850
_d5850